| 000 | 00559nam a22001937a 4500 | ||
|---|---|---|---|
| 005 | 20251108171824.0 | ||
| 008 | 250721s1985 xx 000 0 ara d | ||
| 082 | 1 | 4 | _a414.1/عبد |
| 100 | 1 | _aعتيق، عبد العزيز | |
| 245 | 1 | 0 | _aعلم المعاني / |
| 264 | 1 |
_aبيروت : _bدار النهضة العربية، _c1985. |
|
| 300 | _a226ص | ||
| 490 | 0 | _aفي البلاغة العربية | |
| 650 | 1 | 7 | _aاللغة العربية |
| 650 | 1 | 7 | _aالبلاغة |
| 650 | 1 | 7 | _aعلم المعاني |
| 942 |
_2ddc _cBK |
||
| 999 |
_c63487 _d63487 |
||